Notenbuch für Nannerl
Enregistré dans:
| Auteur principal: | |
|---|---|
| Format: | Livre |
| Langue: | anglais allemand français |
| Publié: |
Mainz
B. Schott's Söhne
1941
|
| Collection: | Edition Schott, 3772
|
| Sujets: | |
| Tags: |
Ajouter un tag
Pas de tags, Soyez le premier à ajouter un tag!
|
MARC
| LEADER | 00000nam a2200000 a 4500 | ||
|---|---|---|---|
| 001 | UCN6298 | ||
| 003 | CL-VaPUC | ||
| 005 | 20240531094750.0 | ||
| 008 | 010913e19410000GW |||||||||||||||||eng|d | ||
| 999 | |c 297220 |d 297218 | ||
| 040 | |c Pontificia Universidad Católica de Valparaíso | ||
| 041 | 0 | 7 | |a eng |2 CL-VaPUC |
| 041 | 0 | 7 | |a ger |2 CL-VaPUC |
| 041 | 0 | 7 | |a fre |2 CL-VaPUC |
| 082 | 0 | 4 | |a Pn786.2 |b MOZ |2 21 |
| 100 | |a Mozart, Leopold |e komponist |9 612523 | ||
| 245 | 1 | 0 | |a Notenbuch für Nannerl |
| 246 | 1 | 0 | |a Cahier de musique pour Nannerl |
| 246 | 1 | 0 | |a Note Book for Nannerl |
| 260 | |a Mainz |b B. Schott's Söhne |c 1941 | ||
| 300 | |a 31 p | ||
| 490 | 0 | |a Edition Schott, 3772 | |
| 583 | |a last modification |c 20010913 00:00:00 |k Rodrigo Vera | ||
| 650 | 0 | |a Música para piano |9 306528 | |
| 650 | 0 | |a Compositores austríacos |2 CL-VaPUC |9 324827 | |
| 650 | 0 | |a Música, siglo 18 |9 342407 | |
| 942 | |c BK |2 ddc | ||
| 945 | |d 20010913 00:00:00 |a lriquelm | ||
| 952 | |0 0 |1 0 |4 0 |6 PN_786_200000000000000_MOZ_1941 |7 0 |8 F |9 351741 |a BIBEDU |b BIBEDU |d 2019-11-21 |i 1167626 |o Pn786.2 MOZ 1941 |p 1167626 |r 2023-11-22 |w 2019-11-21 |y BK_F |k MUS | ||
| 952 | |0 0 |1 0 |4 0 |6 PN_786_200000000000000_MOZ_1941 |7 0 |8 F |9 351742 |a BIBEDU |b BIBEDU |d 2019-11-21 |i 1167634 |o Pn786.2 MOZ 1941 |p 1167634 |r 2023-11-22 |w 2019-11-21 |y BK_F |k MUS | ||